Гидрогеологические и инженерно-геологические процессы на мелиоративных системах степной зоны Сибири: [сборник статей]

Detalles Bibliográficos
Autor Corporativo: Сибирский научно-исследовательский институт гидротехники и мелиорации (570)
Idioma:ruso
Publicado: Красноярск, [б. и.], 1978
Subjects:
Formato: MixedMaterials Libro
KOHA link:https://koha.lib.tpu.ru/cgi-bin/koha/opac-detail.pl?biblionumber=681768

MARC

LEADER 00000nam0a2200000 4500
001 681768
005 20250923140257.0
090 |a 681768 
100 |a 20250923d1978 k||y0rusy50 ca 
101 0 |a rus 
102 |a RU 
105 |a a z 001yy 
181 0 |a i   |b  e  
182 0 |a n 
183 0 |a nc  |2 RDAcarrier 
200 1 |a Гидрогеологические и инженерно-геологические процессы на мелиоративных системах степной зоны Сибири  |e [сборник статей]  |f Сибирский научно-исследовательский институт гидротехники и мелиорации 
203 |a Текст  |b визуальный  |c непосредственный 
210 |a Красноярск  |c [б. и.]  |d 1978 
215 |a 86 с.  |c ил. 
283 |a volume  |2 RDAcarrier 
320 |a Литература в конце статей 
606 |a Мелиоративная гидрогеология  |9 61791 
610 1 |a подземные воды 
610 1 |a мелиорация 
610 1 |a аэрация 
610 1 |a лессовые породы 
675 |a 556.3  |v 4 
712 0 2 |a Сибирский научно-исследовательский институт гидротехники и мелиорации  |4 570  |9 25239 
801 0 |a RU  |b 63413507  |c 20250923 
830 |a Ретро2025Каталогизация Мотырева 
850 |a 63413507 
942 |c BK